Port-Euler (Record no. 61178)

MARC details
000 -LEADER
campo de control de longitud fija 00540nam a2200157 i 4500
001 - NÚMERO DE CONTROL
campo de control 61178
003 - IDENTIFICADOR DE NÚMERO DE CONTROL
campo de control ES-MaACL
007 - CAMPO FIJO DE DESCRIPCIÓN FÍSICA--INFORMACIÓN GENERAL
campo de control de longitud fija t|
008 - DATOS DE LONGITUD FIJA--INFORMACIÓN GENERAL
campo de control de longitud fija 031110s1943 sp ||||1| spa d
100 1# - ENTRADA PRINCIPAL--NOMBRE DE PERSONA
Nombre de persona Euler, H.
9 (RLIN) 48327
245 10 - MENCIÓN DEL TÍTULO
Título Port-Euler
Resto del título : tratado de Odontología /
Mención de responsabilidad, etc. bajo la dirección de H. Euler ; con la colaboración de K. Greve...[et al.] ; versión de la quinta edición alemana.
260 ## - PUBLICACIÓN, DISTRIBUCIÓN, ETC.
Lugar de publicación, distribución, etc. Barcelona :
Nombre del editor, distribuidor, etc. Labor,
Fecha de publicación, distribución, etc. 1943.
300 ## - DESCRIPCIÓN FÍSICA
Extensión XV, 858 p. :
Otras características físicas il. ;
Dimensiones 25 cm.
700 1# - ENTRADA AGREGADA--NOMBRE PERSONAL
Nombre de persona Greve, K.
9 (RLIN) 59959
852 ## - LOCALIZACIÓN
Ubicación ES-MaACL
Número de control de estantería E-2062
Sublocalización o colección R.23160
Holdings
Estatus retirado Estado de pérdida Estado de daño No para préstamo Biblioteca de origen Biblioteca actual Ubicación en estantería Fecha de adquisición Fuente de adquisición Total de préstamos Signatura topográfica completa Código de barras Visto por última vez Precio de reemplazo Tipo de ítem Koha
        Biblioteca del Ateneo de Madrid Biblioteca del Ateneo de Madrid Depósito 2 17/01/2008     E-2062 1064153 23/02/2023 23/02/2023 Libro impreso